| 000 | 01599nam a2200397 a 4500 | ||
|---|---|---|---|
| 001 | 0000238 | ||
| 003 | DO-SdBNP | ||
| 005 | 20180306133115.0 | ||
| 007 | 0000238 | ||
| 008 | 150130s 2014 dr ac 000 0 spa d | ||
| 010 | _a | ||
| 020 | _a9945495380 | ||
| 040 |
_aBPMSU _bspa _cBPMSU |
||
| 092 |
_a372.7 _bR788m, 6to. 2014 |
||
| 100 | 1 | _aRosa, María del Jesús de la | |
| 245 | 1 | 0 |
_aMatemática 6 : _beducación básica / _cMaría del Jesús de la Rosa, Dolores de la Rosa, Francisca Antonia Medrano ; ilustraciones Ramón Sandoval. |
| 250 | _a3a. ed. rev. y actualización | ||
| 260 |
_aSanto Domingo : _bActualidad Escolar 2000, _c2014. |
||
| 300 |
_a2v. : _bil., retrs. ; _c28 cm. |
||
| 490 | 1 | _aSigma | |
| 504 | _aBibliografías p: 208 | ||
| 505 | 1 |
_tUnidad I . _tNumeración I -- _tUnidad II . _tOperaciones I -- _tUnidad III . _tOperaciones II -- _tUnidad IV . _tFracciones -- _tUnidad V . _tDecimales -- _tUnidad VI . _tGeometría -- _tUnidad VII . _tUnidades de medidas -- _tUnidad VIII . _tRecolección, organización y análisis de datos -- |
|
| 650 |
_aMATEMÁTICAS _xENSEÑANZA BÁSICA |
||
| 650 |
_aMATEMÁTICAS _xEDUCACIÓN BÁSICA |
||
| 650 |
_aEDUCACIÓN PRIMARIA _zREPÚBLICA DOMINICANA |
||
| 650 |
_aMATEMÁTICAS _xLIBROS DE TEXTOS |
||
| 650 |
_aMATEMÁTICAS _xESTUDIOS Y EJERCICIOS |
||
| 700 | 1 | 2 | _aDe la Rosa, Dolores |
| 700 | 1 | 2 |
_aSandoval, Ramón _eil. |
| 700 | 1 | 2 | _aMedrano, Francisca Antonia |
| 830 | 0 | _aSigma | |
| 910 | _aValidado. Control de calidad MFF | ||
| 942 |
_2ddc _cBK |
||
| 945 | _aRemanejado para la BNPHU / 2018 VM | ||
| 956 |
_aYLOCKWARD _b10 |
||
| 999 |
_c9513 _d9513 |
||